Modelo para evaluar la condición hidráulica de puentes con pilas : caso de estudio : Río Grande de Tárcoles

Uloženo v:
Podrobná bibliografie
Hlavní autor: Alpízar Rodríguez, Carlos Andrés
Médium: Kniha
Vydáno: San José, C.R. 2001
Témata:
Tagy: Přidat tag
Žádné tagy, Buďte první, kdo vytvoří štítek k tomuto záznamu!

MARC

LEADER 00000nam a2200000Ia 4500
003 008759
005 20221231144201.0
008 140114s2001 cr a m 000 ||s d
040 |c cru CEDI 
090 |a TFG 4335 
100 |a Alpízar Rodríguez, Carlos Andrés   |9 7747 
245 |a Modelo para evaluar la condición hidráulica de puentes con pilas : caso de estudio : Río Grande de Tárcoles  
260 |c 2001  |a  San José, C.R. 
300 |a  83 hojas : ilustraciones (algunas a color), mapas 
500 |a  Tesis (licenciatura en ingeniería civil)--Universidad de Costa Rica. Facultad de Ingeniería. Escuela de Ingeniería Civil 
650 |x INGENIERÍA HIDRAÚLICA   |x DISEÑO DE ESTRUCTURAS   |x SOCAVACION EN PUENTES   |x PUENTES   |x  DISEÑO  |9 7748 
942 |c TFG 
999 |c 18103  |d 18103